00815nam a2200217Ii 45000010005000000030009000050080041000140400033000550410008000880820017000961000036001132450093001492640059002423000012003013360026003133370028003393380027003679400050003949990017004449520136004613117CO-ViMGA241108s9999||||xx |||||||||||||| ||und|| aCO-ViMGAbspaerdacCO-ViMGA0 aspa04a070.44 V17lo1 aGermán. Vargas Morales94732310aLo que pocos se atreven a decir, está escrito :bselección de mis columnas 2000-2015 1aBogotá, Colombia : Instituto San Pablo Apostal, 2015 avolumen atextbtxt2rdacontent aunmediatedbn2rdamedia avolumebnc2rdacarrier aidficha_siabuc: 3044. -- ficha_no_siabuc:3117 c41907d41907 001040708001aMEVIGERRbMEVIGERRcGENd2006-11-27o070.44 V17lopECA1320r2024-11-26 09:05:54tEj.1w2024-11-26yBKz3044 | 4328